Adele - 21 (Tracks) - Statistics

General Stats
  • This quiz has been taken 22 times
  • The average score is 8 of 11
Answer Stats
Track Number Track Name % Correct
11 Someone like You
100%
5 Set Fire to the Rain
94%
1 Rolling in the Deep
83%
4 Don't You Remember
72%
2 Rumour Has It
72%
3 Turning Tables
67%
6 He Won't Go
61%
10 Lovesong
61%
7 Take It All
61%
8 I'll Be Waiting
56%
9 One and Only
50%
No matching quizzes found
Score Distribution
Percent of People with Each Score
Percentile by Number Answered
Your Score History
You have not taken this quiz